| 000 | 01331naa a22003377a 4500 | ||
|---|---|---|---|
| 001 | BR8105103 | ||
| 003 | BR-BrBNA | ||
| 005 | 20240918174826.0 | ||
| 007 | ta | ||
| 008 | 230509b bl.||||| |||| 00| 0 por d | ||
| 040 |
_aBR-BrBNA _bpor _cBiblioteca Nacional de Agricultura |
||
| 041 | _a(Pt) | ||
| 072 |
_aM10 _b8105 _bG514 |
||
| 090 | _aM10 BR8105103 | ||
| 100 | 1 | _aSilva, R.C. da | |
| 100 | 1 | _aAraujo, F.J.F. de | |
| 100 | 1 | _aDias, A.F. | |
| 111 | 1 |
_a2. Simposio Brasileiro sobre Aquicultura; 2. Encontro Nacional de Ranicultores _cJaboticabal, SP (Brazil) _d1980 |
|
| 245 | 1 | _aContribuicao ao conhecimento do potencial hidrico favoravel a aquicultura em propriedades rurais proximas a Manaus-Amazonas-Brasil. 1. rodovia AM 010 | |
| 260 | 3 |
_aBrasilia, DF (Brasil): _c1981. |
|
| 500 | _aAnais do 2. Simposio Brasileiro de Aquicultura e do 2. Encontro Nacional de Ranicultores Brasilia, DF (Brasil): 1981. p. 98-99 (BR8105103-AM)M10 | ||
| 650 | _aPEIXE DE AGUA DOCE | ||
| 650 | _aALEVINO | ||
| 650 | _aACUDE | ||
| 650 | _aPRODUCAO PESQUEIRA | ||
| 650 | _aMANAUS | ||
| 650 | _aAMAZONAS | ||
| 773 | 0 |
_tAnais do 2. Simposio Brasileiro de Aquicultura e do 2. Encontro Nacional de Ranicultores _wM10 BR8105103 _gBrasilia, DF (Brasil), 1981. p. 98-99 |
|
| 909 |
_a202404 _bLucia _c55 _dLucia Elande |
||
| 942 |
_cAM _2AGRIS |
||
| 999 |
_c313832 _d313832 |
||